El villorrio (Registro nro. 8717)

Detalles MARC
000 -LIDER
fixed length control field 00956nam a22003017a 4500
001 - NÚMERO DE CONTROL
Identificador de número de control 229244
003 - IDENTIFICACDOR DE NÚMERO DE CONTROL
control field DO-SdBNP
005 - DATE AND TIME OF LATEST TRANSACTION
control field 20180207093704.0
007 - CAMPOS FIJOS DE DESCRIPCIÓN FÍSICA
fixed length control field 229244
008 - ELEMENTOS DE LONGITUD FIJA
fixed length control field 000518s1999 sp | ||| ||spa
016 7# - NO. DE CONTROL DE LA AGENCIA BIB. NACIONAL
Source BPSMU
020 ## - ISBN
International Standard Book Number 8481302104
040 ## - FUENTE DE CATALOGACIÓN
Agencia que crea de manera original el registro BPMSU
Idioma de catalogación spa
Agencia que realiza la transcripción BPMSU
041 1# - CÓDIGOS DE OBRAS TRADUCIDAS O EN VARIOS IDIOMAS
Código del idioma del texto/archivo de sonido o separata spa
100 1# - ASIENTO PRINCIPAL -- NOMBRE PERSONAL
Nombre personal Faulkner, William
Fechas asociadas con el nombre 1897-1962
240 14 - TITULO UNIFORME
Título uniforme The Hamlet
Idioma de una obra Español
245 13 - MENCIÓN DE TITULO
Título El villorrio
Mención de responsabilidad William Faulkner ; traducción de J. Napoletano Torre y P. Carbó Amiguet ; prólogo de Mariano Antolín Rato
260 ## - PUBLICACIÓN, DISTRIBUCIÓN, ETC. (PIE DE IMPRENTA)
Lugar de publicación, distribución, etc Madrid
Nombre del editor, distribuidor, etc. Unidad
Fecha de publicación, distribución, etc [1999]
300 ## - DESCRIPCIÓN FÍSICA
Extensión 317 p.
Dimensiones 22 cm
490 ## - MENCIÓN DE SERIES
Mención de serie Millenium. Las 100 joyas del milenio
Volume/sequential designation 91
700 1# - ASIENTO SECUNDARIO -- NOMBRE PERSONAL
Nombre personal Napoletano Torre, J.
Mención de responsabilidad tr.
700 1# - ASIENTO SECUNDARIO -- NOMBRE PERSONAL
Nombre personal Carbó Amiguet, P.
Mención de responsabilidad tr.
700 1# - ASIENTO SECUNDARIO -- NOMBRE PERSONAL
Nombre personal Antolín Rato, Mariano
Fechas asociadas con el nombre 1943-
Término de relación pról.
830 ## - ASIENTO SECUNDARIO DE SERIE--TÍTULO UNIFORME
Nombre de la parte o sección de una obra Millenium. Las 100 joyas del milenio
Volume number/sequential designation 91
942 ## - ADDED ENTRY ELEMENTS (KOHA)
Source of classification or shelving scheme Dewey Decimal Classification
Koha item type Libros
945 ## - INFORMACIÓN DE PROCESAMIENTO LOCAL
Información de procesamiento local inventariado, 2018 / dg
956 ## - LOCAL ELECTRONIC LOCATION AND ACCESS (OCLC)
Nombre de host VMATEO
Método de acceso 10
Materiales especificados 20151116
Enlace BPMSU
Campo enlazado y núm. de secuencia 00151
Existencias
Withdrawn status Lost status Source of classification or shelving scheme Damaged status Not for loan Home library Current library Date acquired Source of acquisition Total Checkouts Barcode Date last seen Price effective from Koha item type
    Dewey Decimal Classification     Biblioteca Pública Metropolitana Salomé Ureña Biblioteca Pública Metropolitana Salomé Ureña 11/16/2015 FUNDI   BPMSU18020088 11/16/2015 11/16/2015 Libros